| 000 | 00453nam a22001337a 4500 | ||
|---|---|---|---|
| 999 |
_c16468 _d16468 |
||
| 008 | 170831b xxu||||| |||| 00| 0 eng d | ||
| 050 |
_aHD2346 _b.G4A58 2015 |
||
| 100 | _aAnuwa-Amarh, Eben Tawiah | ||
| 245 |
_aUnderstanding the urban informal economy in Ghana _ba survey report _cEben Tawiah Anuwa-Amarh |
||
| 260 |
_a[Accra] _bFriedrich Ebert Stiftung Ghana _c2015 |
||
| 300 | _a254 p. | ||
| 650 |
_aInformal sector (Economics) _zGhana |
||
| 942 |
_2lcc _cBK |
||